| 000 | 00609nam a2200217Ia 4500 | ||
|---|---|---|---|
| 005 | 20230704112418.0 | ||
| 008 | 131103s9999 xx 000 0 und d | ||
| 020 |
_a486441423 _cRs.950.00 |
||
| 040 | _aLoreto College | ||
| 041 | _aEnglish | ||
| 082 |
_a945.05 _bMCC |
||
| 100 | _aMcCurdy,Edward | ||
| 245 | 4 |
_aThe mind of Leonardo da Vinci _cEdward McCurdy |
|
| 260 |
_aNew York _bDover Publications _c2005 |
||
| 300 | _a360p | ||
| 504 | _aIncludes index | ||
| 650 | _aLeonardo,da Vinci,1452-1519-Aesthetics | ||
| 651 | _aLeonardo,da Vinci,1452-1519-Written works | ||
| 850 | _aLCLIB | ||
| 942 | _cBK | ||
| 999 |
_c38674 _d89153 |
||